000 00650nam a2200241Ia 4500
008 160803s9999 xx 000 0 und d
020 _a9780531207598
100 _aCunningham, Kevin
245 4 _aThe Cheyenne /
245 _cKevin Cunningham and Peter Benoit.
260 _aNew York :
260 _bScholastic Inc.
260 _c2011
300 _a48 pages :
300 _billustrations (some color), color map ;
300 _c22 cm.
440 _aTrue book.
650 _aCheyenne Indians --
650 _aCheyenne Indians.
650 _aNative Americans -- North America.
650 _xJuvenile literature.
700 _a830
999 _c299700
_d299700